Noticia de Jalisco : 1953-1959 /

Obra en dos volúmenes (uno de ellos gráfico) que recupera los logros, en las diversas áreas, del gobierno de Agustín Yáñez en Jalisco.

সংরক্ষণ করুন:
গ্রন্থ-পঞ্জীর বিবরন
প্রধান লেখক: Alvarez, José Rogelio (coordinación)
বিন্যাস: গ্রন্থ
ভাষা:স্প্যানিশ
প্রকাশিত: Guadalajara, México : Gobierno del Estado de Jalisco, Dirección de Promoción Económica, 1959
বিষয়গুলি:
ট্যাগগুলো: ট্যাগ যুক্ত করুন
কোনো ট্যাগ নেই, প্রথমজন হিসাবে ট্যাগ করুন!

MARC

LEADER 00000nam^a2200000^a^4500
001 000131554
005 20250521000000.0
009 20260310095026.646
037 |a Acervo ITESO - Biblioteca 
041 |a ESP 
082 |a 320. 972350633  |b ALV V. 2 
100 |a Alvarez, José Rogelio  |e (coordinación) 
240 1 1 |a [Nueva imagen de Jalisco] 
245 1 0 |a Noticia de Jalisco :  |b 1953-1959 /  |c Coord. de R. Alvarez. 
264 1 |a Guadalajara, México :  |b Gobierno del Estado de Jalisco, Dirección de Promoción Económica,  |c 1959 
300 |a 426 p. 
336 |a texto  |b txt  |2 rdacontenido 
337 |a sin mediación  |b n  |2 rdamedio 
338 |a volumen  |b nc  |2 rdasoporte 
520 |a Obra en dos volúmenes (uno de ellos gráfico) que recupera los logros, en las diversas áreas, del gobierno de Agustín Yáñez en Jalisco. 
649 |a XX 
650 |a Gobernadores Jaliscienses 
650 |a Políticos Jaliscienses 
650 |a Políticos Mexicanos 
650 |a Geografía -  |z Jalisco 
650 |a Geografía -  |z México 
650 |a Previsión Social -  |z Jalisco 
650 |a Previsión Social -  |z México 
650 |a Asistencia Social -  |z Jalisco 
650 |a Asistencia Social -  |z México 
650 |a Salud Pública -  |z Jalisco 
650 |a Salud Pública -  |z México 
650 |a Educación -  |z Jalisco 
650 |a Educación -  |z México 
650 |a Cultura -  |z Jalisco 
650 |a Cultura -  |z México 
650 |a Comunicaciones y Tránsito -  |z Jalisco 
650 |a Comunicaciones y Tránsito -  |z México 
650 |a Economía -  |z Jalisco 
650 |a Economía -  |z México 
650 |a Administración Pública -  |z Jalisco -  |x Historia -  |y 1952-1958 
650 |a Administración Pública -  |z México -  |x Historia -  |y 1952-1958 
650 |a Política -  |z Jalisco -  |x Historia -  |y 1952-1958 
650 |a Política -  |z México -  |x Historia -  |y 1952-1958 
650 |a Jalisco -  |x Historia -  |y 1952-1958 
650 |a México -  |x Historia -  |y 1952-1958 
650 |a Jalisco -  |x Descripción 
650 |a México -  |x Descripción 
650 |a Yáñez, Agustín 
910 |a Fondo Salvador Reynoso Reynoso 
920 |a Impresos - Libros 
930 |a Fondos Especiales 
905 |a 112 
901 |a 0800012460  |b IT2  |c ESP  |u 20250521 
901 |a 0800012529  |b IT2  |c ESP  |u 20250521 
902 |a https://opac.biblio.iteso.mx/vufind/Record/000131554